| 000 | 00719nam a2200181 u 4500 | ||
|---|---|---|---|
| 001 | 000339610 | ||
| 003 | AM-YeHGA | ||
| 005 | 20250618072123.0 | ||
| 008 | 040602s1974 ai r 000 0 arm d | ||
| 040 | _aAM-YeHGA | ||
| 041 | 1 | _aarm | |
| 245 | 0 | 0 |
_aԿոմերիտական աշխատանքի կազմակերպական կանոնադրական հարցեր : _bՍկզբն. կոմերիտ. կազմակերպ. քարտուղարի հուշատետր / _cԹարգմ.՝ Ռ.Մ. Աղվանյան. |
| 260 |
_aԵրևան : _bՀայաստան, _c1974. |
||
| 300 |
_a220 էջ ; _c14 սմ. |
||
| 650 | 1 | 4 |
_aԿոմերիտական աշխատանք _95547 |
| 700 | 1 |
_aԱղվանյան, Ռ.Մ. _eթարգմ. _4trl |
|
| 090 | _c130028 | ||
| 999 |
_c128664 _d128664 |
||